000 00580nam a2200181 i 4500
001 bg
100 1 _aBURKARD, Reiner E.
245 0 _aAssigniment and matching problems :
_bsolution methods with Fortran-programs /
_cR.E. Burkard, U. Derigs.
260 _aBerlin,
_c1980.
490 1 _aLecture Notes in Economics and Mathematical Systems ;
_vVol.184
700 1 _aDERIGS, Ulrich
830 _aLecture Notes in Economics and Mathematical Systems ;
040 _cBPK
041 _apol
080 _a519.68:681.3.06
942 _cKS
008 s pl f |000 0 pol
999 _c21887
_d21887
856 _uhttp://koha.tu.koszalin.pl/cgi-bin/koha/opac-detail.pl?biblionumber=21887
_yKatalog online BPK